ბათუმის შოთა რუსთაველის სახელმწიფო უნივერსიტეტის ბიბლიოთეკა

The mammoth book of historical whodunnits brand new collection. (ბიბ.ჩანაწერი № 47030)

000 -LEADER
fixed length control field 00541nam a2200205Ia 4500
001 - CONTROL NUMBER
control field 13886
003 - CONTROL NUMBER IDENTIFIER
control field GE_BSU
008 - FIXED-LENGTH DATA ELEMENTS--GENERAL INFORMATION
fixed length control field 181216s||||||||xx |||||||||||||| ||und||
020 ## - INTERNATIONAL STANDARD BOOK NUMBER
International Standard Book Number 1841193739
040 ## - CATALOGING SOURCE
Transcribing agency GE_BSU
080 ## - UNIVERSAL DECIMAL CLASSIFICATION NUMBER
Universal Decimal Classification number 821.111-311.6
245 #4 - TITLE STATEMENT
Title The mammoth book of historical whodunnits brand new collection.
245 ## - TITLE STATEMENT
Statement of responsibility, etc. Edited by Mike Ashley.
260 ## - PUBLICATION, DISTRIBUTION, ETC.
Place of publication, distribution, etc. London.
260 ## - PUBLICATION, DISTRIBUTION, ETC.
Name of publisher, distributor, etc. Robinson.
260 ## - PUBLICATION, DISTRIBUTION, ETC.
Date of publication, distribution, etc. 2001
300 ## - PHYSICAL DESCRIPTION
Extent 500p;20cm.
653 ## - INDEX TERM--UNCONTROLLED
Uncontrolled term The mammoth book of historical whodunnits brand new collection.
942 ## - ADDED ENTRY ELEMENTS (KOHA)
Koha item type წიგნი
ეგზემპლარები
Withdrawn status Lost status Damaged status Not for loan Date acquired Barcode Date last seen Price effective from Koha item type
        2018-12-17 36823 2018-12-17 2018-12-17 წიგნი